Lei das estatais : (Record no. 204)

MARC details
000 -LÍDER
Campo Fixo de Controle 01229cam a2200289 a 4500
001 - NÚMERO DE CONTROLE
Campo de Controle 204
003 - IDENTIFICAÇÃO DO NÚMERO DE CONTROLE
Campo de Controle BR-CuiBMT
005 - DATA E HORA DA ÚLTIMA ATUALIZAÇÃO
Campo de Controle 20231109200425.0
008 - DADOS FIXOS
Dados Fixos 230829s2018 mgb 001 0 por d
020 ## - INTERNATIONAL STANDARD BOOK NUMBER
Nº do ISBN 9788545005636
040 ## - AGÊNCIA CATALOGADORA
Código da Agência Catalogadora BR-CuiBMT
Agência que transcreveu o registro BR-CuiBMT
080 ## - Nº DA CLASSIFICAÇÃO DECIMAL UNIVERSAL
Nº edição CDU 2007
Nº Class. CDU 334.724.6:34
090 ## - NÚMERO DE CHAMADA
Nº classificação 334.724.6:34
Cutter L525
245 00 - TÍTULO PRINCIPAL
Título principal Lei das estatais :
Subtítulo estatuto jurídico : empresas públicas, sociedades de economia mista e subsidiárias /
Indicação de responsabilidade organização: Murilo Jacoby Fernandes.
260 ## - PUBLICAÇÃO, DISTRIBUIÇÃO, ETC.
Local de publicação Belo Horizonte :
Editora Fórum,
Data 2018.
300 ## - DESCRIÇÃO FÍSICA
N. páginas ou volumes 303 p. ;
Dimensões 14 cm
490 1# - INDICAÇÃO DE SÉRIE
Título da série Coleção Jacoby de direito público ;
Volume/designação sequencial da série v. 16
500 ## - NOTAS GERAIS
Notas gerais Lei n° 13.303, de 30 de junho de 2016. Decreto n° 8.945 de 27 de dezembro de 2016. Penalidades. Lei e decretos do pregão. Seguro de responsabilidade civil. Sociedades de propósito específico.
504 ## - NOTA DE BIBLIOGRAFIA, ETC.
Nota de bibliografia Inclui índice.
650 ## - ASSUNTO TÓPICO
Cabeçalho tópico ou nome geográfico Empresas estatais
Subdivisão de forma Legislação
Subdivisão geográfica Brasil
650 ## - ASSUNTO TÓPICO
Cabeçalho tópico ou nome geográfico Empresas públicas
Subdivisão de forma Legislação
Subdivisão geográfica Brasil
650 ## - ASSUNTO TÓPICO
Cabeçalho tópico ou nome geográfico Sociedades de economia mista
Subdivisão de forma Legislação
Subdivisão geográfica Brasil
650 ## - ASSUNTO TÓPICO
Cabeçalho tópico ou nome geográfico Direito administrativo
Subdivisão geral Empresas estatais
700 1# - ENTRADA SECUNDÁRIA -- NOME PESSOAL
Nome pessoal Fernandes, Murilo Jacoby
Cód. do termo explicativo org.
830 #0 - ENTRADA SECUNDÁRIA DE SÉRIE -- TÍTULO UNIFORME
Título uniforme Coleção Jacoby de direito público ;
Nº do volume/designação sequencial da série 16
942 ## - ELEMENTOS DE ENTRADA ADICIONAIS (KOHA)
Fonte de classificação ou esquema de arquivamento Classificação Decimal Universal
Tipo de item do Koha Livros
Holdings
Estado: removido Estado: perdido Fonte de classificação ou esquema de arquivamento Estado: danificado Indisponível para empréstimo Localização permanente Localização atual Data de aquisição Total Checkouts Número de Chamada completo Código de barras Date last seen Número do exemplar Preço efetivo a partir de Tipo de item (Koha)
    Classificação Decimal Universal     Biblioteca da Escola Superior de Contas do TCE/MT Biblioteca da Escola Superior de Contas do TCE/MT 28/07/2023   334.724.6:34 L525 BIBTCEMT23080183 29/08/2023 Ex. 1 29/08/2023 Livros
    Classificação Decimal Universal     Biblioteca da Escola Superior de Contas do TCE/MT Biblioteca da Escola Superior de Contas do TCE/MT 28/07/2023   334.724.6:34 L525 BIBTCEMT23100064 31/10/2023 Ex. 2 29/08/2023 Livros
    Classificação Decimal Universal     Biblioteca da Escola Superior de Contas do TCE/MT Biblioteca da Escola Superior de Contas do TCE/MT 28/07/2023   334.724.6:34 L525 BIBTCEMT23100065 31/10/2023 Ex. 3 29/08/2023 Livros
    Classificação Decimal Universal     Biblioteca da Escola Superior de Contas do TCE/MT Biblioteca da Escola Superior de Contas do TCE/MT 28/07/2023   334.724.6:34 L525 BIBTCEMT23120583 15/12/2023 Ex. 4 29/08/2023 Livros

Powered by Koha